| 000 | 00408nam a2200157 a 4500 | ||
|---|---|---|---|
| 001 | 000025335 | ||
| 005 | 20200930023721.0 | ||
| 008 | 101216s2003 ec r 000 | spa d | ||
| 040 |
_aDO-SdBNP _bspa _cBNPHU |
||
| 082 |
_axxx _bN273 |
||
| 100 | 1 |
_aNatera, Rubén _951888 |
|
| 245 | 1 | 3 |
_aEl profeta de Dios / _cRubén Natera. |
| 260 |
_aPalmar : _b[s.l.] , _c2003. |
||
| 300 |
_a92 p. ; _c21 cm. |
||
| 049 | _aBNGR | ||
| 999 |
_c24827 _d24827 |
||